| 000 | 00645cam a2200229 4500 | ||
|---|---|---|---|
| 001 | 1240346 | ||
| 005 | 20180814073738.0 | ||
| 008 | 700325t19701969nyu b 000 0 eng | ||
| 010 | _a 71081794 | ||
| 040 |
_aDLC _cDLC _dDLC _dOCoLC _dDLC |
||
| 041 | _aeng | ||
| 043 | _acl----- | ||
| 080 | _a309.18 FRA | ||
| 082 | 0 | 0 | _a309.18 FRA |
| 100 | 1 | _a19 | |
| 101 | _aPOL | ||
| 245 | 1 | 0 | _aLatin America: underdevelopment or revolution; |
| 350 | _a8.50 | ||
| 504 | _aIncludes bibliographies. | ||
| 906 |
_a7 _bcbc _corignew _du _encip _f19 _gy-gencatlg |
||
| 942 |
_2ddc _cBK |
||
| 999 |
_c47143 _d47143 |
||